[Event "RUS Cup tt"]
[Site "Sochi"]
[Date "2023.11.28"]
[Round "2.17"]
[White "Babarykin, Stanislav"]
[Black "Izhnin, A."]
[Result "0-1"]
[WhiteElo "2327"]
[BlackElo "2337"]
[PlyCount "82"]
[EventDate "2023.11.27"]
[EventType "team-swiss"]
[EventRounds "7"]
[EventCountry "RUS"]
[SourceTitle "CB49_2023"]
[SourceDate "2023.12.06"]
[SourceVersion "1"]
[SourceVersionDate "2023.12.06"]
[SourceQuality "1"]
[WhiteTeam "Vserossiyskoe slepykh"]
[BlackTeam "Kherson"]
[WhiteTeamCountry "RUS"]
[BlackTeamCountry "RUS"]

1. e4 c5 2. Nf3 d6 3. Bb5+ Nc6 4. 0-0 Bd7 5. Re1 Nf6 6. c3 a6 7. Bf1 e5 8. h3 Be7 9. d4 0-0 10. Bg5 h6 11. Bxf6 Bxf6 12. dxc5 dxc5 13. Na3 b5 14. Nc2 Be6 15. Ne3 c4 16. Qc2 Qc7 17. g3 Rad8 18. Rad1 Rxd1 19. Rxd1 Rd8 20. h4 Rxd1 21. Qxd1 Be7 22. Nd5 Qd7 23. Nxe7+ Qxe7 24. Ne1 Nb8 25. a4 Nd7 26. axb5 axb5 27. Qa1 Kh7 28. Qa7 Qc5 29. Qa8 Nf6 30. Be2 Bd7 31. Ng2 Qd6 32. Ne3 Qd2 33. Bf3 Qxb2 34. Nd5 Qb1+ 35. Kg2 Nxe4 36. Ne7 Nf6 37. Bd5 e4 38. Bxf7 Bh3+ 39. Kh2 Ng4+ 40. Kxh3 Nxf2+ 41. Kg2 Qh1+ 0-1

[Event "Moscow City Team-ch"]
[Site "Moscow"]
[Date "2021.09.16"]
[Round "6"]
[White "Shvedova, Alexandra"]
[Black "Babarykin, Stanislav"]
[Result "1-0"]
[WhiteElo "2049"]
[BlackElo "2345"]
[PlyCount "61"]
[EventDate "2021.09.11"]
[EventType "team-swiss"]
[EventRounds "7"]
[EventCountry "RUS"]
[SourceTitle "EXT 2022"]
[Source "ChessBase"]
[SourceDate "2021.10.06"]
[SourceVersion "1"]
[SourceVersionDate "2021.10.06"]
[SourceQuality "1"]

1. e4 e5 2. Nf3 Nc6 3. Bc4 Nf6 4. d3 Be7 5. 0-0 0-0 6. Re1 d6 7. a4 h6 8. c3 Nh7 9. h3 Ng5 10. Nxg5 Bxg5 11. Nd2 Kh8 12. Qh5 f5 13. h4 Bxd2 14. Bxd2 f4 15. g3 Kh7 16. Qe2 Bh3 17. Qf3 Qd7 18. gxf4 exf4 19. d4 Rae8 20. Kh2 Bg4 21. Qg2 f3 22. Qg3 Rf6 23. Bd3 Rg6 24. e5 Bf5 25. e6 Rxg3 26. Bxf5+ g6 27. exd7 Rg2+ 28. Kh1 Rxe1+ 29. Rxe1 gxf5 30. d5 Nd8 31. Re8 1-0

[Event "Online Olym Disabilities"]
[Site "Tornelo INT"]
[Date "2020.11.26"]
[Round "6.1"]
[White "Stachanczyk, Jacek"]
[Black "Babarykin, Stanislav"]
[Result "1/2-1/2"]
[WhiteElo "2122"]
[BlackElo "2387"]
[PlyCount "81"]
[EventDate "2020.11.21"]
[EventType "team-swiss (rapid)"]
[EventRounds "7"]
[EventCountry "NET"]
[SourceTitle "CBM 199 Extra"]
[Source "ChessBase"]
[SourceDate "2021.01.31"]
[SourceVersion "1"]
[SourceVersionDate "2021.01.31"]
[SourceQuality "1"]
[WhiteTeam "Poland II"]
[BlackTeam "Russia"]
[WhiteTeamCountry "POL"]
[BlackTeamCountry "RUS"]

1. e4 e5 2. Nf3 Nc6 3. Bb5 a6 4. Ba4 Nf6 5. 0-0 b5 6. Bb3 Bc5 7. a4 Bb7 8. Qe2 0-0 9. Nc3 Nd4 10. Nxd4 exd4 11. Nd5 Re8 12. Nxf6+ Qxf6 13. d3 d5 14. axb5 axb5 15. Rxa8 Bxa8 16. f3 Bd6 17. Qd2 c5 18. exd5 Qh4 19. g3 Qh5 20. Kg2 Bxd5 21. Bxd5 Qxd5 22. Re1 Rxe1 23. Qxe1 Qc6 24. Qa5 Bc7 25. Qe1 Kf8 26. Bd2 f5 27. c3 Kf7 28. Qa1 Qe6 29. Kf2 dxc3 30. bxc3 Bb6 31. Be3 c4 32. Bxb6 Qxb6+ 33. d4 Qb7 34. Qa3 Qc6 35. Qa5 Qd7 36. Qb6 g6 37. Qc5 Kg7 38. Qe5+ Kf7 39. Qc5 Kg7 40. Qe5+ Kf7 41. Qc5 1/2-1/2

[Event "Online Olym Disabilities"]
[Site "Tornelo INT"]
[Date "2020.11.21"]
[Round "1.6"]
[White "Arstanbekov, Dzhanysh"]
[Black "Babarykin, Stanislav"]
[Result "0-1"]
[WhiteElo "1729"]
[BlackElo "2387"]
[PlyCount "82"]
[EventDate "2020.11.21"]
[EventType "team-swiss (rapid)"]
[EventRounds "7"]
[EventCountry "NET"]
[SourceTitle "CBM 199 Extra"]
[Source "ChessBase"]
[SourceDate "2021.01.31"]
[SourceVersion "1"]
[SourceVersionDate "2021.01.31"]
[SourceQuality "1"]
[WhiteTeam "Kyrgyzstan"]
[BlackTeam "Russia"]
[WhiteTeamCountry "KGZ"]
[BlackTeamCountry "RUS"]

1. e4 e5 2. Nf3 Nc6 3. d4 exd4 4. Nxd4 Nf6 5. Nxc6 bxc6 6. Bd3 d5 7. exd5 cxd5 8. c3 Be7 9. 0-0 0-0 10. Bg5 h6 11. Bh4 c5 12. b3 Re8 13. Nd2 Be6 14. c4 d4 15. h3 a5 16. Qf3 a4 17. Bg3 Qa5 18. Ne4 Nxe4 19. Qxe4 g6 20. Qf3 Qb4 21. Bc2 Bf8 22. Rfe1 Bg4 23. Qxg4 Rxe1+ 24. Rxe1 Qxe1+ 25. Kh2 axb3 26. axb3 Ra1 27. Bf4 Qxf2 28. Bxg6 Qg1+ 29. Kg3 Qe1+ 30. Kh2 fxg6 31. Qxg6+ Bg7 32. Qf5 Qg1+ 33. Kg3 Qb1 34. Qxc5 Qg6+ 35. Kh2 d3 36. Qd5+ Qf7 37. Qd8+ Qf8 38. Qd5+ Kh8 39. Bd6 Qf1 40. Be5 Qg1+ 41. Kg3 Qe3+ 0-1

[Event "Moscow op-A 16th"]
[Site "Moscow"]
[Date "2020.01.31"]
[Round "7"]
[White "Zlotnik, Andrey"]
[Black "Babarykin, Stanislav"]
[Result "0-1"]
[WhiteElo "2186"]
[BlackElo "2409"]
[PlyCount "70"]
[EventDate "2020.01.25"]
[EventType "swiss"]
[EventRounds "9"]
[EventCountry "RUS"]
[SourceTitle "CBM 194 Extra"]
[Source "ChessBase"]
[SourceDate "2020.03.31"]
[SourceVersion "1"]
[SourceVersionDate "2020.03.31"]
[SourceQuality "1"]

1. d4 Nf6 2. Bf4 g6 3. e3 Bg7 4. Nf3 0-0 5. Be2 c5 6. c3 d6 7. h3 Nc6 8. 0-0 cxd4 9. cxd4 Qb6 10. Na3 Be6 11. Ng5 Bd5 12. b3 e5 13. Bh2 exd4 14. Bxd6 Rfd8 15. Nc4 Bxc4 16. Bxc4 Rxd6 17. Nxf7 Rd7 18. Ne5+ Kh8 19. Nxd7 Nxd7 20. exd4 Nxd4 21. Rc1 Ne5 22. Kh1 Rf8 23. Bd5 Rd8 24. Be4 Bh6 25. f4 Ne6 26. Qc2 Nxf4 27. Qc7 Qxc7 28. Rxc7 Ne2 29. Re1 Ng3+ 30. Kg1 Bd2 31. Rb1 Nxe4 32. Rxb7 Be3+ 33. Kh1 Ng3+ 34. Kh2 Bf4 35. Re7 Nf5+ 0-1

[Event "Moscow op-A 16th"]
[Site "Moscow"]
[Date "2020.01.30"]
[Round "6"]
[White "Babarykin, Stanislav"]
[Black "Eynullayev, Atilla Elshan"]
[Result "0-1"]
[WhiteElo "2409"]
[BlackElo "2246"]
[PlyCount "56"]
[EventDate "2020.01.25"]
[EventType "swiss"]
[EventRounds "9"]
[EventCountry "RUS"]
[SourceTitle "CBM 194 Extra"]
[Source "ChessBase"]
[SourceDate "2020.03.31"]
[SourceVersion "1"]
[SourceVersionDate "2020.03.31"]
[SourceQuality "1"]

1. d4 Nf6 2. Bf4 g6 3. Nc3 d5 4. Qd2 Bg7 5. Bh6 Bxh6 6. Qxh6 Bf5 7. 0-0-0 Ng4 8. Qf4 Qd6 9. Qxd6 cxd6 10. Nh3 e6 11. e3 Nc6 12. Re1 Nf6 13. Nf4 g5 14. Nd3 0-0-0 15. f3 Bg6 16. h4 h6 17. Rd1 e5 18. a3 e4 19. Nb4 Ne7 20. Nb5 a5 21. hxg5 hxg5 22. Nxd6+ Kd7 23. Rxh8 Rxh8 24. Nxb7 axb4 25. axb4 Nf5 26. Re1 Kc7 27. Nc5 Rh1 28. Kd2 Ng3 0-1

[Event "Moscow op-A 16th"]
[Site "Moscow"]
[Date "2020.01.28"]
[Round "4"]
[White "Babarykin, Stanislav"]
[Black "Pourramezanali, Amirreza"]
[Result "0-1"]
[WhiteElo "2409"]
[BlackElo "2488"]
[PlyCount "42"]
[EventDate "2020.01.25"]
[EventType "swiss"]
[EventRounds "9"]
[EventCountry "RUS"]
[SourceTitle "CBM 194 Extra"]
[Source "ChessBase"]
[SourceDate "2020.03.31"]
[SourceVersion "1"]
[SourceVersionDate "2020.03.31"]
[SourceQuality "1"]

1. d4 d5 2. c4 e6 3. Nc3 c6 4. Nf3 Nf6 5. e3 Nbd7 6. Qc2 Bd6 7. b3 0-0 8. Bb2 e5 9. dxe5 Nxe5 10. Nxe5 Bxe5 11. Be2 Qa5 12. 0-0 dxc4 13. Bxc4 Bf5 14. Bd3 Bxd3 15. Qxd3 Nd5 16. Na4 Nb4 17. Qd7 Rfd8 18. Qe7 Bd6 19. Qh4 Qf5 20. Rfd1 b5 21. Nc3 Qe6 0-1

[Event "RUS-chT2"]
[Site "Sochi"]
[Date "2019.05.01"]
[Round "1.1"]
[White "Drygalov, Sergey"]
[Black "Babarykin, Stanislav"]
[Result "1/2-1/2"]
[WhiteElo "2485"]
[BlackElo "2392"]
[PlyCount "179"]
[EventDate "2019.05.01"]
[EventType "team-swiss"]
[EventRounds "9"]
[EventCountry "RUS"]
[SourceTitle "CBM 190 Extra"]
[Source "ChessBase"]
[SourceDate "2019.07.15"]
[SourceVersion "1"]
[SourceVersionDate "2019.07.15"]
[SourceQuality "1"]
[WhiteTeam "South Ural Cheliabinsk"]
[BlackTeam "Smolensk Region"]
[WhiteTeamCountry "RUS"]
[BlackTeamCountry "RUS"]

1. d4 d5 2. c4 c6 3. Nf3 Nf6 4. Nc3 e6 5. Bg5 h6 6. Bh4 Be7 7. e3 0-0 8. Qc2 Nbd7 9. Bd3 dxc4 10. Bxc4 b5 11. Be2 a6 12. e4 c5 13. dxc5 b4 14. e5 bxc3 15. exf6 cxb2 16. Qxb2 Qa5+ 17. Qd2 Qxd2+ 18. Nxd2 Nxf6 19. Rc1 Bb7 20. Bxf6 gxf6 21. c6 Rac8 22. Bf3 Rc7 23. Ke2 Ba8 24. Nb3 a5 25. Nd4 Rb8 26. Rb1 Rd8 27. Rhd1 Kg7 28. Nb5 Rxd1 29. Rxd1 Rxc6 30. Bxc6 Bxc6 31. Nd4 Bb7 32. Rc1 Bd5 33. a4 Ba3 34. Rc8 f5 35. g3 Kf6 36. f4 Bb4 37. Kd3 Be1 38. Nc2 Bf2 39. Ne3 Bb3 40. Rc5 Bxa4 41. Rxa5 Bc6 42. Ra1 Bb5+ 43. Kd2 Kg6 44. Rb1 Bc6 45. Ke2 Bxe3 46. Kxe3 Bd5 47. Kd4 Kf6 48. Rb8 Kg7 49. Ke5 Bf3 50. Kd6 Be2 51. Ke7 Bf3 52. Rb1 Be2 53. Kd6 Bf3 54. Ke5 Be2 55. Kd4 Bf3 56. Ke3 Bg2 57. Kf2 Bh3 58. Rb8 Kh7 59. Ke3 Kg7 60. Kd4 Kh7 61. Ke5 Kg7 62. Kd6 Bg4 63. Ke7 Bf3 64. h3 Bh5 65. Rb2 Bf3 66. Rf2 Bd1 67. Rg2 Bf3 68. Rg1 Be2 69. Kd6 Kf6 70. Kc5 Bd3 71. Kd4 Bc2 72. g4 fxg4 73. hxg4 Bb3 74. Rh1 Kg6 75. Rb1 Bd5 76. f5+ Kf6 77. Rf1 Bg2 78. Rg1 Bc6 79. Rf1 Bg2 80. Rf2 e5+ 81. Ke3 Bh3 82. Rh2 Bxg4 83. Rxh6+ Kxf5 84. Rh1 e4 85. Ra1 Bf3 86. Ra8 f6 87. Rh8 Ke5 88. Re8+ Kf5 89. Rh8 Bg4 90. Rg8 1/2-1/2

[Event "IBCA Wch blind 14th"]
[Site "Cagliari"]
[Date "2019.04.08"]
[Round "3"]
[White "Adiyaman, Rene"]
[Black "Babarykin, Stanislav"]
[Result "1/2-1/2"]
[WhiteElo "2195"]
[BlackElo "2401"]
[PlyCount "36"]
[EventDate "2019.04.06"]
[EventType "swiss"]
[EventRounds "9"]
[EventCountry "ITA"]
[SourceTitle "CBM 189 Extra"]
[Source "ChessBase"]
[SourceDate "2019.06.03"]
[SourceVersion "1"]
[SourceVersionDate "2019.06.03"]
[SourceQuality "1"]

1. e4 c6 2. d4 d5 3. exd5 cxd5 4. c4 Nf6 5. Nc3 Nc6 6. Nf3 Be6 7. c5 g6 8. Bb5 Bg7 9. 0-0 Qc7 10. Re1 0-0 11. h3 Rad8 12. Bg5 Bf5 13. Bh4 Rfe8 14. Bg3 Qc8 15. Qa4 Ne4 16. Bf4 Bxh3 17. gxh3 Qxh3 18. Nh2 Bxd4 1/2-1/2

[Event "Moscow op-A 15th"]
[Site "Moscow"]
[Date "2019.01.31"]
[Round "6"]
[White "Postnikov, Artem"]
[Black "Babarykin, Stanislav"]
[Result "1-0"]
[WhiteElo "2281"]
[BlackElo "2411"]
[PlyCount "67"]
[EventDate "2019.01.26"]
[EventType "swiss"]
[EventRounds "9"]
[EventCountry "RUS"]
[SourceTitle "CBM 188 Extra"]
[Source "ChessBase"]
[SourceDate "2019.02.26"]
[SourceVersion "1"]
[SourceVersionDate "2019.02.26"]
[SourceQuality "1"]

1. e4 e5 2. Nf3 Nf6 3. Nxe5 d6 4. Nf3 Nxe4 5. d4 d5 6. Bd3 Bd6 7. 0-0 0-0 8. c4 c6 9. Qc2 Na6 10. a3 Bg4 11. Ne5 Bf5 12. Nc3 Nac5 13. Nxc6 Bxh2+ 14. Kxh2 Qh4+ 15. Kg1 Nxd3 16. Ne7+ Qxe7 17. Nxd5 Qd7 18. Qxd3 Nd6 19. Qg3 Bg6 20. b3 b6 21. Bf4 Nf5 22. Qc3 Rac8 23. Rac1 Rfe8 24. Rfe1 Re6 25. Qd2 b5 26. Be3 bxc4 27. bxc4 Re4 28. f3 Ree8 29. Nf4 Qa4 30. Nxg6 fxg6 31. Bf2 Rxe1+ 32. Qxe1 Qxa3 33. Ra1 Qc3 34. Qxc3 1-0

[Event "Moscow op-A 15th"]
[Site "Moscow"]
[Date "2019.01.29"]
[Round "4"]
[White "Korneev, Oleg"]
[Black "Babarykin, Stanislav"]
[Result "1/2-1/2"]
[WhiteElo "2545"]
[BlackElo "2411"]
[PlyCount "60"]
[EventDate "2019.01.26"]
[EventType "swiss"]
[EventRounds "9"]
[EventCountry "RUS"]
[SourceTitle "CBM 188 Extra"]
[Source "ChessBase"]
[SourceDate "2019.02.26"]
[SourceVersion "1"]
[SourceVersionDate "2019.02.26"]
[SourceQuality "1"]

1. e4 e5 2. Nf3 Nf6 3. d4 Nxe4 4. Bd3 d5 5. dxe5 Be7 6. 0-0 0-0 7. Nc3 Nxc3 8. bxc3 c5 9. c4 dxc4 10. Bxc4 Qxd1 11. Rxd1 Nc6 12. Bd5 Be6 13. c4 Rad8 14. Be3 Nb4 15. Bxe6 fxe6 16. Ng5 Bxg5 17. Bxg5 Rxd1+ 18. Rxd1 Nc6 19. Be3 b6 20. f4 g5 21. g3 gxf4 22. Bxf4 Rd8 23. Rxd8+ Nxd8 24. Kf2 Kf7 25. g4 Kg6 26. Ke3 Nc6 27. Ke4 Na5 28. Kd3 Nc6 29. Ke4 Na5 30. Kd3 Nc6 1/2-1/2

[Event "Olympiad-43"]
[Site "Batumi"]
[Date "2018.09.24"]
[Round "1.35"]
[White "Babarykin, Stanislav"]
[Black "Weldegebriel Beraki, Kibrom"]
[Result "1-0"]
[WhiteElo "2396"]
[BlackElo "1723"]
[PlyCount "49"]
[EventDate "2018.09.24"]
[EventType "team-swiss"]
[EventRounds "11"]
[EventCountry "GEO"]
[SourceTitle "CBM 187"]
[Source "ChessBase"]
[SourceDate "2018.12.11"]
[SourceVersion "1"]
[SourceVersionDate "2018.12.11"]
[SourceQuality "1"]
[WhiteTeam "IBCA"]
[BlackTeam "Eritrea"]
[BlackTeamCountry "ERI"]

1. d4 Nf6 2. Bf4 d6 3. Nc3 c6 4. e4 Qa5 5. Qd2 Nbd7 6. Nf3 e5 7. Bg3 Be7 8. a3 0-0 9. Bc4 d5 10. exd5 exd4 11. Nxd4 cxd5 12. Nxd5 Qxd2+ 13. Kxd2 Nxd5 14. Bxd5 Nb6 15. Bb3 Rd8 16. c3 Bf6 17. Bc7 Rd7 18. Rhe1 g6 19. Be5 Bxe5 20. Rxe5 Rd8 21. Rae1 Bg4 22. Re7 Nd5 23. Rxb7 a5 24. Re5 Be6 25. Nxe6 1-0

[Event "RUS-chT2"]
[Site "Sochi"]
[Date "2018.05.03"]
[Round "3.10"]
[White "Babarykin, Stanislav"]
[Black "Konaplev, Anton"]
[Result "1-0"]
[WhiteElo "2379"]
[BlackElo "2376"]
[PlyCount "79"]
[EventDate "2018.05.01"]
[EventType "team-swiss"]
[EventRounds "9"]
[EventCountry "RUS"]
[SourceTitle "CBM 184 Extra"]
[Source "ChessBase"]
[SourceDate "2018.06.28"]
[SourceVersion "1"]
[SourceVersionDate "2018.06.28"]
[SourceQuality "1"]
[WhiteTeam "Smolensk Region VOS"]
[BlackTeam "Smolensk Region Monastyr"]
[WhiteTeamCountry "RUS"]
[BlackTeamCountry "RUS"]

1. d4 Nf6 2. Bf4 e6 3. e3 c5 4. c3 Nc6 5. Nd2 d5 6. Ngf3 Bd6 7. Bg3 0-0 8. Bb5 Ne7 9. Bd3 Nf5 10. Bxd6 Qxd6 11. 0-0 b6 12. Ne5 Bb7 13. Qf3 Ne7 14. Qh3 h6 15. Rad1 a5 16. f4 Ba6 17. Bxa6 Rxa6 18. g4 Ne8 19. dxc5 bxc5 20. g5 Qc7 21. gxh6 g6 22. Ne4 Nf5 23. Ng5 Ned6 24. h7+ Kg7 25. Nxg6 Kxg6 26. h8Q Rxh8 27. Qxh8 Nxe3 28. h4 Nxf1 29. h5+ Kf5 30. Qe5+ Kg4 31. Rxf1 Ra7 32. Qe2+ Kf5 33. Qe5+ Kg4 34. Kh2 Nf5 35. Qe2+ Kh4 36. Qf3 Ng3 37. Qxg3+ Kxh5 38. Rg1 Qe7 39. Qh3+ Kg6 40. Ne4+ 1-0

[Event "Moscow op-A 14th"]
[Site "Moscow"]
[Date "2018.01.31"]
[Round "5"]
[White "Lobanov, Sergei"]
[Black "Babarykin, Stanislav"]
[Result "1/2-1/2"]
[WhiteElo "2450"]
[BlackElo "2328"]
[PlyCount "82"]
[EventDate "2018.01.27"]
[EventType "swiss"]
[EventRounds "9"]
[EventCountry "RUS"]
[SourceTitle "CBM 182 Extra"]
[Source "ChessBase"]
[SourceDate "2018.02.23"]
[SourceVersion "1"]
[SourceVersionDate "2018.02.23"]
[SourceQuality "1"]

1. e4 e5 2. Nf3 Nc6 3. Bb5 a6 4. Ba4 Nf6 5. 0-0 Nxe4 6. d4 b5 7. Bb3 d5 8. dxe5 Be6 9. Nbd2 Bc5 10. Nxe4 dxe4 11. Bxe6 Qxd1 12. Rxd1 fxe6 13. Ng5 0-0 14. Nxe4 Bb6 15. b3 Nxe5 16. Kf1 Rad8 17. Rxd8 Rxd8 18. Ke2 Ng4 19. Bb2 Kf7 20. Rc1 Kg6 21. c4 Nxf2 22. Nxf2 Bxf2 23. cxb5 axb5 24. Rxc7 Bd4 25. Bxd4 Rxd4 26. Rc5 Rg4 27. g3 b4 28. Rb5 Kf6 29. Kf3 Rd4 30. Ke3 e5 31. Rb6+ Kf5 32. Rb7 Kf6 33. Ra7 h5 34. a4 bxa3 35. Rxa3 Rd1 36. Ke4 Rd4+ 37. Ke3 Rd1 38. Ra6+ Kf5 39. Rb6 g5 40. Rb4 Rh1 41. h4 g4 1/2-1/2

[Event "Moscow op-A 14th"]
[Site "Moscow"]
[Date "2018.01.30"]
[Round "4"]
[White "Babarykin, Stanislav"]
[Black "Oganian, Miran"]
[Result "1-0"]
[WhiteElo "2328"]
[BlackElo "2430"]
[PlyCount "73"]
[EventDate "2018.01.27"]
[EventType "swiss"]
[EventRounds "9"]
[EventCountry "RUS"]
[SourceTitle "CBM 182 Extra"]
[Source "ChessBase"]
[SourceDate "2018.02.23"]
[SourceVersion "1"]
[SourceVersionDate "2018.02.23"]
[SourceQuality "1"]

1. d4 Nf6 2. Bf4 d5 3. e3 c5 4. c3 Nc6 5. Nd2 Bf5 6. Qb3 Qd7 7. dxc5 e5 8. Bg3 Bxc5 9. Ngf3 Qe7 10. Be2 0-0 11. 0-0 Rad8 12. Rfe1 h6 13. Rad1 Bh7 14. Bf1 Kh8 15. h3 a6 16. a4 Rd7 17. Qa2 e4 18. Nd4 Ne5 19. a5 Nh5 20. Bh2 f5 21. c4 Bxd4 22. exd4 Nc6 23. cxd5 Nb4 24. d6 Qd8 25. Qb3 Nc6 26. d5 Bg8 27. f3 Nxa5 28. Qb4 exf3 29. Nxf3 f4 30. Re6 Nf6 31. Ne5 Bh7 32. Nxd7 Nxd7 33. Bxf4 b6 34. Re7 Nb7 35. Qd4 Rf6 36. Bxh6 gxh6 37. Rxd7 1-0